| 000 | 00602nam a2200217Ia 4500 | ||
|---|---|---|---|
| 005 | 20241129110106.0 | ||
| 008 | 241129s9999||||xx |||||||||||||| ||und|| | ||
| 020 | _a978-1-032-58585-7 | ||
| 037 | _aTB | ||
| 040 |
_aARTS _beng _cARTS |
||
| 041 |
_aeng _2eng |
||
| 084 |
_aP.2 R3 _qARTS |
||
| 100 |
_aNagarajan Jemalatha Au. _9727184 |
||
| 245 | 0 |
_aRoutledge companion to linguistics in India _cNagarajan Jemalatha Au. |
|
| 260 |
_aUK _bRoutledge _c2021 |
||
| 300 | _axix,438p. | ||
| 365 |
_aINR _b1595 |
||
| 650 |
_aLinguistcs _9727185 |
||
| 942 |
_cTB _hP.2 R3 |
||
| 999 |
_c1227269 _d1227269 |
||